• 首页
  • 本馆介绍
  • 公告通知
  • 最新文献
  • 馆藏检索
  • 电子资源
  • 读者导购
  • 参考咨询
  • 我的图书馆
  • 登录
  • 详细信息显示
  • 放入我的书架
  • 预约/预借图书
  • 作者相关作品
  • 分类相关作品
  • 丛书相关作品
  • 出版社相关作品

书目信息

  • 表格格式
  • 工作单格式
  • 卡片格式
题名:
医学技术装备管理概论
    
 
作者: 本书编写组
分册:  
出版信息:   北京北医大中国协和医大联合出版社  1992.08
页数: 369页
开本: 16开
丛书名:
单 册:
中图分类: R197.324
科图分类:
主题词: 医药卫生组织机构 , 医疗保健事业
电子资源:
ISBN: 7-81034-140-5
000 00603nam0 2200193 45
001 9911301546
005 19991130153220.1
010    @a7-81034-140-5@d19.80
100    @a19991130d1992 km y0chiy0120 ea
101    @achi
105    @a z 000yy
200 1  @a医学技术装备管理概论@AYi Xue Ji Shu Zhuang Bei Guan Li Gai Lun@f本书编写组@FBen Shu Bian Xie Zu
210    @c北京北医大中国协和医大联合出版社@d1992.08
215    @a369页@c无图表@d16开
606 0  @a医药卫生组织机构
606 0  @a医疗保健事业
690    @aR197.324@v3
801    @aCN@bPerfectUser@c19991130
905    @aBZT@b68755-756@f2@dR197.324@e1
    
    医学技术装备管理概论/本书编写组.-北京北医大中国协和医大联合出版社,1992.08
    369页:无图表;16开
    
    
    ISBN 7-81034-140-5:19.80
    
●
相关链接 在五车中查询图书 在当当中查询图书 在豆瓣中查询图书


正题名:医学技术装备管理概论     索取号:R197.324/1         预约/预借

序号 登录号 条形码 馆藏地/架位号 状态 备注
1 68755   200197401   中心书库中库/ 中库002架B面4列3层31/ [索取号:R197.324/1] 在馆    
2 68756   200197394   中心书库中库/ 中库002架B面4列3层30/ [索取号:R197.324/1] 在馆    
山东省滨州职业学院图书馆 欢迎您!
大连网信软件有限公司© 版权所有